000 00571nam a22001817a 4500
003 ARRUPE
005 20251022090712.0
008 251022b |||||||| |||| 00| 0 eng d
040 _cAJU
050 _aHV1441.8.U5 Y66 2022
100 _aSoutherly, Grace
_952910
245 _aDementia behaviors-Caregivers survival guide
_bsimple, proven methods to control and defuse the situation before it blows up!
_cGrace Southerly
300 _3Book
_bN/A
_c22cm.
300 _a152pages. ;
650 _aDementia
_924101
650 _aCaregivers
_952911
942 _2lcc
_cMONOGRAPH
999 _c131967
_d131967